00221 a2200097 450000100060000008200160000610000220002224500490004426000220009330000080011562612 a297.293 WAH aAbdul Waheed Khan aWhat Quraan says about christianityhEnglish bAbdul Waheed Khan a56p